000 00515nam a2200181Ia 4500
003 GCL
008 140319s9999 xx 000 0 ara d
040 _aGCL /
_cGCL
082 0 4 _a811.009
_bع ف
100 1 _aعلى شلش
245 1 0 _aفى عالم الشعر /
_cعلى شلش
260 _a[S.N] :
_bدار المعارف ،
_c1980
300 _a157 ص
490 _aمكتبة الدراسات الادبية
_v0
650 0 4 _aالشعر العربى
650 0 4 _aتاريخ ونقد
942 _2ddc
_cBK
999 _c55482
_d55482